Attrazioni di Milano - Statistics

Statistiche generali
  • Questo quiz è stato fatto 191 volte
  • Il punteggio medio è 10 su 15
Statistiche sulle risposte
con Immagini Risposta % Corretto
Duomo
99%
Castello Sforzesco
92%
Bosco Verticale
87%
Teatro alla Scala
86%
Galleria Vittorio Emanuele II
82%
Tre Torri
81%
Arco della Pace
72%
Piazza Gae Aulenti
63%
Porta Venezia
63%
Basilica di San Lorenzo
59%
Basilica di Sant'Ambrogio
52%
Torre Velasca
52%
Palazzo Reale
43%
Porta Garibaldi
42%
Santa Maria delle Grazie
40%
Nessun quiz corrispondente trovato
Distribuzione punteggi
Percentuale di utenti per punteggio
Percentile per numero di risposta
I tuoi punteggi nel tempo
Non hai fatto questo quiz